|
|
|
|
| LEADER |
00773ncm a22002052a 4500 |
| 001 |
000436988 |
| 003 |
CZ BrMZK |
| 005 |
20110524125324.0 |
| 008 |
990305s1875 gw zxx d |
| 040 |
|
|
|a BOA001
|b cze
|
| 072 |
|
7 |
|a 782
|x Divadelní hudba. Opera, opereta, muzikál
|2 Konspekt
|9 9
|
| 100 |
1 |
|
|a Bellini, Vincenzo,
|d 1801-1835
|7 jn20000600787
|4 cmp
|
| 245 |
1 |
4 |
|a Der Seeräuber
|h [hudebnina] :
|b tragische Oper in zwei Aufzügen, für das Pianoforte allein : vollständiger Klavierauszug ohne Text /
|c Vincenzo Bellini
|
| 246 |
3 |
1 |
|a Pirata
|
| 260 |
|
|
|a Leipzig :
|b Hirsch,
|c [ca 1875]
|
| 300 |
|
|
|a 47 s.
|
| 910 |
|
|
|a BOA001
|b Mus3-0605.653
|
| 990 |
|
|
|a MU
|
| 991 |
|
|
|b 201006
|
| 996 |
6 |
|
|b 2619760009
|c Mus3-0605.653
|l MZK
|r Sklad / do 1 hodiny
|n 2
|w 000436988
|u 000010
|a 1
|e BOA001
|j MZK50
|s P
|